000 01480nam a2200157 4500
001 14069
005 20260401193232.0
010 _a9782807104464
090 _a14069
099 _o0
100 _a20260401d u||y0frey50 ba
200 _aVent de bout
_bLIVR
323 _a6 personnages
330 _aSur ce bout de terre entouré par la mer, un adolescent est tombé de la pointe d'une falaise et a disparu dans les flots sous les yeux de ses amis Edj, Uta, Elie et La Petite. Son père, anéanti, refuse d'assurer son précieux travail de passeur, son bateau étant le seul lien quotidien entre l'île et le continent. Tout le monde est donc bloqué ici en une sorte de huis-clos qui attise les tensions, les non-dits, les secrets, les remords aussi. Malgré le contexte et les liens contrariés, les adolescents se sont fait la promesse de rester solidaires. Et surtout de ne pas parler du jeu de rôles qu'ils ont construit tout au long de l'enfance et qui est peut-être à l'origine du drame. Tous tentent aussi de cacher La Petite dans la cabane secrète qui les a vus grandir pour qu'elle ne parte pas là-bas, dans une institution. Plus le temps passe, plus la tension monte, plus la parole se libère, plus les vieilles histoires remontent et les lignes bougent. La disparition du jeune homme redessine le groupe et ouvre de nouvelles voies où le désir et l'amour deviennent essentiels.
610 _aadolescence
_aenquête
_aThriller
_asecret
700 _aPiffault Guitton
_bTiphaine